<?xml version="1.0" encoding="UTF-8"?><marc:collection xmlns:marc="http://www.loc.gov/MARC21/slim">
  <marc:record>
    <marc:leader>00000nam  2200000zi 4500</marc:leader>
    <marc:controlfield tag="001">9.932236</marc:controlfield>
    <marc:controlfield tag="003">CaOODSP</marc:controlfield>
    <marc:controlfield tag="005">20240131102015</marc:controlfield>
    <marc:controlfield tag="006">m     o  d f      </marc:controlfield>
    <marc:controlfield tag="007">cr mn|||||||||</marc:controlfield>
    <marc:controlfield tag="008">240109e201603  onc     ob   f000 0 eng d</marc:controlfield>
    <marc:datafield tag="040" ind1=" " ind2=" ">
      <marc:subfield code="a">CaOODSP</marc:subfield>
      <marc:subfield code="b">eng</marc:subfield>
      <marc:subfield code="e">rda</marc:subfield>
      <marc:subfield code="c">CaOODSP</marc:subfield>
    </marc:datafield>
    <marc:datafield tag="043" ind1=" " ind2=" ">
      <marc:subfield code="a">n-cn---</marc:subfield>
    </marc:datafield>
    <marc:datafield tag="045" ind1=" " ind2=" ">
      <marc:subfield code="a">y1y1</marc:subfield>
    </marc:datafield>
    <marc:datafield tag="086" ind1="1" ind2=" ">
      <marc:subfield code="a">H14-507/2016E-PDF</marc:subfield>
    </marc:datafield>
    <marc:datafield tag="245" ind1="0" ind2="0">
      <marc:subfield code="a">Evaluation of the First Nations and Inuit Health Branch's Health Services Integration Fund 2010-2011 to 2014-2015 / </marc:subfield>
      <marc:subfield code="c">prepared by Office of Audit and Evaluation, Health Canada and the Public Health Agency of Canada.</marc:subfield>
    </marc:datafield>
    <marc:datafield tag="246" ind1="3" ind2=" ">
      <marc:subfield code="a">Evaluation of the First Nations and Inuit Health Services Integration Fund Program - 2010-2011 to 2014-2015</marc:subfield>
    </marc:datafield>
    <marc:datafield tag="264" ind1=" " ind2="1">
      <marc:subfield code="a">[Ottawa] : </marc:subfield>
      <marc:subfield code="b">Health Canada and the Public Health Agency of Canada = Santé Canada et l'Agence de la santé publique du Canada, </marc:subfield>
      <marc:subfield code="c">March 2016.</marc:subfield>
    </marc:datafield>
    <marc:datafield tag="300" ind1=" " ind2=" ">
      <marc:subfield code="a">1 online resource (vii, 51 pages)</marc:subfield>
    </marc:datafield>
    <marc:datafield tag="336" ind1=" " ind2=" ">
      <marc:subfield code="a">text</marc:subfield>
      <marc:subfield code="b">txt</marc:subfield>
      <marc:subfield code="2">rdacontent</marc:subfield>
    </marc:datafield>
    <marc:datafield tag="337" ind1=" " ind2=" ">
      <marc:subfield code="a">computer</marc:subfield>
      <marc:subfield code="b">c</marc:subfield>
      <marc:subfield code="2">rdamedia</marc:subfield>
    </marc:datafield>
    <marc:datafield tag="338" ind1=" " ind2=" ">
      <marc:subfield code="a">online resource</marc:subfield>
      <marc:subfield code="b">cr</marc:subfield>
      <marc:subfield code="2">rdacarrier</marc:subfield>
    </marc:datafield>
    <marc:datafield tag="500" ind1=" " ind2=" ">
      <marc:subfield code="a">Issued also in French under title: Évaluation du Fonds d'intégration des services de santé de la Direction générale de la santé des Premières nations et des Inuits 2010-2011 à 2014-2015.</marc:subfield>
    </marc:datafield>
    <marc:datafield tag="500" ind1=" " ind2=" ">
      <marc:subfield code="a">"Health Canada and the Public Health Agency of Canada Evaluation Report."</marc:subfield>
    </marc:datafield>
    <marc:datafield tag="504" ind1=" " ind2=" ">
      <marc:subfield code="a">Includes bibliographical references (pages 42-43).</marc:subfield>
    </marc:datafield>
    <marc:datafield tag="520" ind1=" " ind2=" ">
      <marc:subfield code="a">"The Health Services Integration Fund (HSIF) evaluation reviewed project activities for the period of April 2010 to March 2015. The assessment of the Program's continued relevance and performance was in compliance with the Treasury Board of Canada's Policy on Evaluation (2009). This was a scheduled evaluation for 2014-15 on the Health Canada Five-Year Departmental Evaluation Plan. … HSIF is an adapted replacement of the Aboriginal Health Transition Fund (AHTF) (2006-11) and the previous Health Integration Initiative (HII) launched in 2003. HSIF is a five-year initiative to support multi-year projects with a collaborative planning component which could include partners at a provincial/territorial and/or federal level, as well as First Nation/Inuit organizations and/or communities …"--Executive summary, page ii.</marc:subfield>
    </marc:datafield>
    <marc:datafield tag="610" ind1="1" ind2="0">
      <marc:subfield code="a">Canada. </marc:subfield>
      <marc:subfield code="b">First Nations and Inuit Health Branch</marc:subfield>
      <marc:subfield code="x">Evaluation.</marc:subfield>
    </marc:datafield>
    <marc:datafield tag="650" ind1=" " ind2="5">
      <marc:subfield code="a">First Nations</marc:subfield>
      <marc:subfield code="x">Medical care</marc:subfield>
      <marc:subfield code="x">Government policy</marc:subfield>
      <marc:subfield code="x">Evaluation.</marc:subfield>
    </marc:datafield>
    <marc:datafield tag="650" ind1=" " ind2="0">
      <marc:subfield code="a">Inuit</marc:subfield>
      <marc:subfield code="x">Medical care</marc:subfield>
      <marc:subfield code="x">Government policy</marc:subfield>
      <marc:subfield code="z">Canada</marc:subfield>
      <marc:subfield code="x">Evaluation.</marc:subfield>
    </marc:datafield>
    <marc:datafield tag="650" ind1=" " ind2="5">
      <marc:subfield code="a">First Nations</marc:subfield>
      <marc:subfield code="x">Medical care</marc:subfield>
      <marc:subfield code="x">Finance</marc:subfield>
      <marc:subfield code="x">Evaluation.</marc:subfield>
    </marc:datafield>
    <marc:datafield tag="650" ind1=" " ind2="0">
      <marc:subfield code="a">Inuit</marc:subfield>
      <marc:subfield code="x">Medical care</marc:subfield>
      <marc:subfield code="z">Canada</marc:subfield>
      <marc:subfield code="x">Finance</marc:subfield>
      <marc:subfield code="x">Evaluation.</marc:subfield>
    </marc:datafield>
    <marc:datafield tag="710" ind1="1" ind2=" ">
      <marc:subfield code="a">Canada. </marc:subfield>
      <marc:subfield code="b">Health Canada. </marc:subfield>
      <marc:subfield code="b">Office of Audit and Evaluation, </marc:subfield>
      <marc:subfield code="e">issuing body.</marc:subfield>
    </marc:datafield>
    <marc:datafield tag="710" ind1="2" ind2=" ">
      <marc:subfield code="a">Public Health Agency of Canada. </marc:subfield>
      <marc:subfield code="b">Office of Audit and Evaluation, </marc:subfield>
      <marc:subfield code="e">issuing body.</marc:subfield>
    </marc:datafield>
    <marc:datafield tag="775" ind1="0" ind2="8">
      <marc:subfield code="t">Évaluation du Fonds d'intégration des services de santé de la Direction générale de la santé des Premières nations et des Inuits 2010-2011 à 2014-2015 / </marc:subfield>
      <marc:subfield code="w">(CaOODSP)9.933180</marc:subfield>
    </marc:datafield>
    <marc:datafield tag="856" ind1="4" ind2="0">
      <marc:subfield code="q">PDF</marc:subfield>
      <marc:subfield code="s">423 KB</marc:subfield>
      <marc:subfield code="u">https://publications.gc.ca/collections/collection_2024/sc-hc/H14-507-2016-eng.pdf</marc:subfield>
    </marc:datafield>
    <marc:datafield tag="856" ind1="4" ind2=" ">
      <marc:subfield code="q">HTML</marc:subfield>
      <marc:subfield code="s">N/A</marc:subfield>
      <marc:subfield code="u">https://www.canada.ca/en/health-canada/corporate/transparency/corporate-management-reporting/evaluation/evaluation-first-nations-inuit-health-branch-health-services-integration-fund-2010-2011-2014-2015.html</marc:subfield>
    </marc:datafield>
  </marc:record>
</marc:collection>
